Schmidt or Scott? Quiz Stats

 Plays Quiz Updated May 7, 2013

Challenge
Share
Tweet
Embed
Score 0/16 Timer 02:00
0 Plays Today
Quote Schmidt (S) or Scott (M)? % Correct
'Please take that off, you look like a homeless pencil.'???
91.1%
'I'm not usually the butt of the joke. I'm usually the face of the joke.' ???
85.9%
'You're listening to the radio and writing with a pen? What decade are we in?'???
84.8%
'We sold our qualms. We used the profits to buy perfect bodies.'???
84.8%
'You know what they say? 'Fool me once, strike one. But fool me twice... strike three.' ???
82.6%
'I'm gonna have to run all the way home, and I have my slipperiest loafers on!'???
82%
'He's a player. Why would a good looking person ever become a doctor?' ???
80.6%
'I'm not superstitious, but I am a little stitious.' ???
79.3%
Quote Schmidt (S) or Scott (M)? % Correct
'Old people freak me out. With their hands and their legs. They're like the people version of pleated pants.'???
78.1%
'You have no idea how high I can fly.'???
78%
'Let's concentrate on the smite later.'???
71.9%
'It just seems awfully mean. But sometimes, the ends justify the mean.'???
69.2%
'I am dead inside.'???
69%
'I was never in this for the money. But it turns out that the money was an absolute necessity for me.'???
68.9%
'Yeah, I went hunting once. Shot the deer in the leg. Had to kill it with a shovel, took about an hour. Why do you ask?'???
64.8%
'There's a fine line between sexual harassment and something awesome.'???
57.1%

You're not logged in!

Compare scores with friends on all Sporcle quizzes.
Join for Free
OR
Log In

You Might Also Like...

Show Comments

Extras

Top Quizzes Today


Score Distribution

Your Account Isn't Verified!

In order to create a playlist on Sporcle, you need to verify the email address you used during registration. Go to your Sporcle Settings to finish the process.

Report this User

Report this user for behavior that violates our Community Guidelines.

Details: